000 00379nam a22001697a 4500
999 _c14582
_d14582
020 _a1119723515
022 _a978-1119723516
082 _a620.1MER
100 _aMeriam J L
245 _aEngineering Mechanic Statics
250 _a6th ed
260 _aNew Delhi
_bMcGraw hill
_c2013
300 _a510p
650 _aMechanics, Applied
650 _aStatics
942 _cBK